The french experience 1 : (Record no. 14453)
[ view plain ]
| 000 -LEADER | |
|---|---|
| fixed length control field | 00676nam a2200193 a 4500 |
| 003 - CONTROL NUMBER IDENTIFIER | |
| control field | PILC |
| 005 - DATE AND TIME OF LATEST TRANSACTION | |
| control field | 20150112093433.0 |
| 008 - FIXED-LENGTH DATA ELEMENTS--GENERAL INFORMATION | |
| fixed length control field | 100716s19uu xx 00 eng d |
| 020 ## - INTERNATIONAL STANDARD BOOK NUMBER | |
| International Standard Book Number | 0563472561 |
| 050 ## - LIBRARY OF CONGRESS CALL NUMBER | |
| Classification number | PC 2112 |
| Item number | .B758 2003 |
| 082 ## - DEWEY DECIMAL CLASSIFICATION NUMBER | |
| Classification number | LnSF 448.242 |
| Item number | B65 2003 |
| 100 ## - MAIN ENTRY--PERSONAL NAME | |
| Personal name | Bougard, Marie-Therese |
| 9 (RLIN) | 13708 |
| 245 ## - TITLE STATEMENT | |
| Title | The french experience 1 : |
| Remainder of title | New edition / |
| Statement of responsibility, etc | Marie-Thérèse Bougard; Danièle Bourdais |
| 260 ## - PUBLICATION, DISTRIBUTION, ETC. (IMPRINT) | |
| Place of publication, distribution, etc | London : |
| Name of publisher, distributor, etc | BBC Languages: BBC Worldwide Ltd, |
| Date of publication, distribution, etc | 2003. |
| 300 ## - PHYSICAL DESCRIPTION | |
| Extent | 288 pages : |
| Other physical details | colored illustration ; |
| Dimensions | 26 cm. |
| 650 ## - SUBJECT ADDED ENTRY--TOPICAL TERM | |
| Topical term or geographic name as entry element | French language - textbook for foreign speakers - English |
| 9 (RLIN) | 13709 |
| 700 ## - ADDED ENTRY--PERSONAL NAME | |
| Personal name | Bourdais, Daniele |
| 9 (RLIN) | 2668 |
| 942 ## - ADDED ENTRY ELEMENTS (KOHA) | |
| Source of classification or shelving scheme | Library of Congress Classification |
| Koha item type | Books |
| Withdrawn status | Lost status | Source of classification or shelving scheme | Damaged status | Home library | Current library | Shelving location | Date acquired | Source of acquisition | Total Checkouts | Full call number | Barcode | Date last seen | Copy number | Price effective from | Koha item type | Public note |
|---|---|---|---|---|---|---|---|---|---|---|---|---|---|---|---|---|
| Withdrawn | Library of Congress Classification | Southville International School Affiliated with Foreign Universities Library | Southville International School Affiliated with Foreign Universities Library | 08/27/2013 | Donation | PC 2112 .B758 2004 | SFU0383 | 05/15/2018 | 1 | 08/27/2013 | Books | Books donated | ||||
| Withdrawn | Library of Congress Classification | Southville International School Affiliated with Foreign Universities Library | Southville International School Affiliated with Foreign Universities Library | 08/27/2013 | Donation | PC 2112 .B758 2004 | SFU0384 | 05/15/2018 | 2 | 08/27/2013 | Books | Books donated | ||||
| Withdrawn | Library of Congress Classification | Southville International School Affiliated with Foreign Universities Library | Southville International School Affiliated with Foreign Universities Library | 08/27/2013 | Donation | PC 2112 .B758 2004 | SFU0385 | 05/15/2018 | 3 | 08/27/2013 | Books | Books donated |